ბათუმის შოთა რუსთაველის სახელმწიფო უნივერსიტეტის ბიბლიოთეკა

თეორიული მექანიკა, წერტილის დინამიკა. (ბიბ.ჩანაწერი № 43764)

000 -LEADER
fixed length control field 00906nam a2200217Ia 4500
001 - CONTROL NUMBER
control field 10509
003 - CONTROL NUMBER IDENTIFIER
control field GE_BSU
008 - FIXED-LENGTH DATA ELEMENTS--GENERAL INFORMATION
fixed length control field 181216s||||||||xx |||||||||||||| ||und||
020 ## - INTERNATIONAL STANDARD BOOK NUMBER
International Standard Book Number 9994008382
040 ## - CATALOGING SOURCE
Transcribing agency GE_BSU
100 ## - MAIN ENTRY--PERSONAL NAME
Personal name კვიციანი,ტარიელ; ფაჩულია,ვაჟა; გარდაფხაძე,თამაზ.
245 ## - TITLE STATEMENT
Title თეორიული მექანიკა, წერტილის დინამიკა.
245 ## - TITLE STATEMENT
Remainder of title სახელმძღვ.ტექნ.სპეც.სტუდ.
260 ## - PUBLICATION, DISTRIBUTION, ETC.
Place of publication, distribution, etc. თბ.
260 ## - PUBLICATION, DISTRIBUTION, ETC.
Name of publisher, distributor, etc. ტექნიკური უნივერსიტეტი.
260 ## - PUBLICATION, DISTRIBUTION, ETC.
Date of publication, distribution, etc. 2006.
300 ## - PHYSICAL DESCRIPTION
Extent 238გვ. 20სმ. ბიბლიოგრ.: გვ.235.
653 ## - INDEX TERM--UNCONTROLLED
Uncontrolled term თეორიული მექანიკა, წერტილის დინამიკა.
942 ## - ADDED ENTRY ELEMENTS (KOHA)
Koha item type წიგნი
ეგზემპლარები
Withdrawn status Lost status Damaged status Not for loan Date acquired Barcode Date last seen Price effective from Koha item type Public note
        2018-12-17 34679 2018-12-17 2018-12-17 წიგნი უნივერსიტეტის ბიბლიოთეკა
        2018-12-17 34680 2018-12-17 2018-12-17 წიგნი 02
        2018-12-17 34681 2018-12-17 2018-12-17 წიგნი 02
        2018-12-17 34682 2018-12-17 2018-12-17 წიგნი 02
        2018-12-17 34683 2018-12-17 2018-12-17 წიგნი 02
        2018-12-17 34684 2018-12-17 2018-12-17 წიგნი 02